| 000 | 01083 a2200253 4500 | ||
|---|---|---|---|
| 001 | 44888 | ||
| 005 | 20260407155723.0 | ||
| 008 | 260407a1993 arg spa d | ||
| 003 | AR-UNSa-BCEJYS | ||
| 040 |
_aAR-UNSa-BCEJYS _bspa _cAR-UNSa-BCEJYS |
||
| 080 |
_a316 _xSociología |
||
| 245 | 1 | 0 | _aTeoría sociológica clásica |
| 020 | _a84-481-0104-9 | ||
| 264 | 1 |
_aMadrid : _bMcGraw-Hill _c1993 |
|
| 300 |
_axvi, 522 p. _c24 cm. |
||
| 505 | _a1. Esbozo histórico de la teoría sociológica: primeros años – 2. Esbozo histórico de la teoría sociológica: años posteriores – 3. Auguste Comte – 4. Herbert Spencer – 5. Karl Marx – 6. Emile Durkheim – 7. Max Weber – 8. Georg Simmel – 9. George Herbert Mead – 10. Alfred Schutz – 11. Talcott Parsons - | ||
| 041 | _aspa | ||
| 942 | _cBK | ||
| 590 | _aniveau_biblio:m niveau_hierar:0 | ||
| 100 | 1 | _aCasado Rodríguez, María Teresa | |
| 700 | 1 | _aRitzer, George | |
| 700 | 1 | _aAlmarcha Barbado, Amparo | |
| 856 | 4 | 1 |
_uhttps://www.biblioeco.unsa.edu.ar/pmb/images/libros/L127019 _yImagen de portada _qimage/jpeg |
| 999 |
_c3837 _d3837 |
||